Responses for Show #5965 - Friday, July 16, 2010

John Krizel game 1.

Contestants

[<< previous game]

Leslie Williams, a computer systems administrator from Phoenix, Arizona

John Krizel, a green community program coordinator from Beckley, West Virginia

Van Lane, an ATM support technician from Denver, Colorado (whose 3-day cash winnings total $69,128)

[next game >>]

Jeopardy! Round responses

MUSEUMS
CONAN THE DOCUMENTARIAN
A CAPSULE CATEGORY
AMERICAN HERITAGE DICTIONARY PREFERRED PLURALS
A MAJOR IN HISTORY
A MINOR IN LITERATURE
    $200 20
Anne Frank

John
    $200 9
McDonald's

John
    $200 26
a time capsule

John
    $200 15
thieves

Leslie
    $200 1
Washington, D.C. (the District of Columbia)

John
    $200 5
Little Red Riding Hood

Leslie
    $400 21
Harvard

Leslie
    $400 10
An Inconvenient Truth

Van
    $400 27
the ocean

John
    $400 16
sons-in-law

John
    $400 2
(Van: What is World War II?)

Civil War

Van
Triple Stumper
    $400 6
Australia

Leslie
    $600 22
(Van: Who is Booker T. Washington?)
...
(Alex: Yes, I believe Van misspoke completely on that one.)

George Washington Carver

VanJohn
    $600 12
Michael Moore

Van
    $600 28
(John: Who is Yuri Gagarin?)
(Van: Who is Alan Shepard?)
[The end-of-round signal sounds.]

Christopher Columbus

VanJohnLeslie
    $600 17
axes

Van
    $600 3
John Major

Van
    $600 7
Little Lord Fauntleroy

Leslie
    $800 24
London

John
    $800 13
Hoop Dreams

John
    $800 18
antennae

John
    $800 4
[Alex initially ruled Leslie wrong, but corrected himself before the next clue was chosen.]

(Major Henry) Robert

Leslie
    $800 8
Pippi Longstocking

John
    $1000 25
(Van: What is Drama?)
...
(Alex: We have less than a minute to deal with the remaining category.)

Design

Van
Triple Stumper
    $1000 14
Bill Maher

John
    $1000 19
passersby

Van
    $1,000 11
(Alex: Van?)
(Van: Who is... Major Balfour?)

Major John André

Van
    $1000 23
Dick Whittington

Triple Stumper

Scores at the first commercial break (after clue 14):

Van John Leslie
$200 $3,000 $2,000

Scores at the end of the Jeopardy! Round:

Van John Leslie
-$400 $5,800 $3,200

Double Jeopardy! Round responses

THE WEST INDIES
SITCOMS BY EPISODE
ROUND IT OFF
(Alex: ...to the nearest integer, please.)
DOCTOR WHO
WATERCOLORS
"HY" FIVE
    $400 1
sugar

Van
    $400 9
The Office

John
    $400 26
3

John
    $400 19
Parkinson

Van
    $400 6
Audubon

Leslie
    $400 14
a hyphen

Leslie
    $800 2
(Van: What is Puerto Rico?)
(Leslie: [Laughs] Um... [scoffs])

the Virgin Isles

VanLeslie
Triple Stumper
    $800 10
The New Adventures of Old Christine

John
    $800 24
26

Van
    $800 20
(Henry) Gray

Van
    $800 7
(Van: What is the Roman Forum?)
(John: What is Pompei?)
(Leslie: What is Petra?)
(Alex: No, that's [*] in Athens.)

the Acropolis

VanJohnLeslie
Triple Stumper
    $800 15
a hypodermic needle

Van
    $2,000 3
the Bahamas

Van
    $1200 11
(Van: What is Everybody Loves Raymond?)

Everybody Hates Chris

VanJohn
    $1200 27
23

Van
    $3,000 21
(Joseph) Lister

Van
    $1200 8
Van Gogh

John
    $1200 16
the hypotenuse

John
    $1600 4
St. Vincent & the Grenadines

Van
    $1600 12
Two and a Half Men

Van
    $1600 29
25,000

Leslie
    $1600 22
(Alex: And that famous painting by David--[*].)

Jean-Paul Marat

Triple Stumper
    $1600 25
(Leslie: [scoffs])

(Frederic Auguste) Bartholdi

JohnLeslie
    $1600 17
hydrangeas

Van
    $2000 5
Grenada

Van
    $2000 13
Scrubs

John
    $2000 30
-273

John
    $2000 23
Oliver Wendell Holmes

Triple Stumper
    $2000 28
(William) Blake

Leslie
    $2000 18
hyperinflation

John

Scores at the end of the Double Jeopardy! Round:

Van John Leslie
$13,000 $17,800 $4,400

[wagering suggestions for these scores]

Final Jeopardy! Round responses

NO. 1 POP HITS
(Alex: The 1987 version was by Los Lobos, and it was for the movie about Ritchie Valens.)
LeslieWhat is La Bamba?
$4,000
VanWhat is Tequilla?
$12,000
JohnWhat is La Bamba
$8,201
"La Bamba"

Final scores:

Van John Leslie
$1,000 $26,001 $8,400
3rd place: $1,000 New champion: $26,001 2nd place: $2,000

Game dynamics:

Coryat scores:

Van John Leslie
$11,400 $17,800 $4,400
17 R
(including 2 DDs),
8 W
(including 1 DD)
22 R,
2 W
11 R,
3 W

Combined Coryat: $33,600

[game clues] [game scores] [suggest correction]

Game tape date: 2010-03-09
The J! Archive is created by fans, for fans. Scraping, republication, monetization, and malicious use prohibited; this site may use cookies and collect identifying information. See terms. The Jeopardy! game show and all elements thereof, including but not limited to copyright and trademark thereto, are the property of Jeopardy Productions, Inc. and are protected under law. This website is not affiliated with, sponsored by, or operated by Jeopardy Productions, Inc. Join the discussion at JBoard.tv.